Inside corporate Japan : the art of fumble-free management /

Bibliographic Details
Main Author: Lu, David John, 1928-
Format: Book
Language:English
Published: Stamford, CT : Productivity Press, [1987]
Subjects:

MARC

Tag First Indicator Second Indicator Subfields
LEADER 00000cam a2200000 a 4500
001 in00000020717
005 20151007055441.0
008 870526s1987 ctua b 00110 eng
010 |a  87060546  
020 |a 091529916X (alk. paper) :  |c $24.50 
035 |a (OCoLC)16003963 
035 |9 AAB8280AM 
040 |a DLC  |c DLC  |d TXA  |d UtOrBLW 
043 |a a-ja--- 
049 |a TXAM  |c [A11507711] 
050 0 0 |a HD70.J3  |b L8 1987 
082 0 |a 658/.00952  |2 19 
100 1 |a Lu, David John,  |d 1928- 
245 1 0 |a Inside corporate Japan :  |b the art of fumble-free management /  |c David J. Lu ; foreword by Norman Bodek. 
264 1 |a Stamford, CT :  |b Productivity Press,  |c [1987] 
264 4 |c ©1987 
300 |a xxi, 249 pages :  |b illustrations ;  |c 24 cm. 
336 |a text  |b txt  |2 rdacontent 
337 |a unmediated  |b n  |2 rdamedia 
338 |a volume  |b nc  |2 rdacarrier 
504 |a Bibliography: pages 225-231. 
500 |a Includes index. 
650 0 |a Industrial management  |z Japan. 
999 |a MARS 
999 f f |s e5b77e52-8c61-3592-99f2-bd62df98a078  |i cc613284-2f3f-39ae-8ac2-80075cbec15e  |t 0 
952 f f |p ric  |a Texas A&M University  |b Rellis Campus  |c Joint Library Facility  |d Remote Storage  |t 0  |e HD70.J3 L8 1987  |h Library of Congress classification  |i unmediated -- volume  |m A14811507711 
998 f f |a HD70.J3 L8 1987  |t 0  |l Remote Storage